WYMIEŃ NAZWY PALCÓW U DŁONI: - Statystyki

Ogólne statystyki
  • Ten quiz został rozwiązany 183 razy
  • Średni wynik to 5 z 5
Statystyki odpowiedzi
Odpowiedź % Poprawnych
KCIUK
97%
SERDECZNY
96%
WSKAZUJĄCY
95%
MAŁY
92%
ŚRODKOWY
89%
Nie znaleziono quizów pasujących do podanych kryteriów
Rozkład punktacji
Procent ludzi z każdym wynikiem
Percentyl według liczby udzielonych odpowiedzi
Twoja historia wyników
Nie rozwiązałeś tego quizu